William Lyon Mackenzie King;vol.2: 1924-1932: the lonely heights (Record no. 376132)

000 -LEADER
fixed length control field 00400cam a22001337a 4500
008 - FIXED-LENGTH DATA ELEMENTS--GENERAL INFORMATION
fixed length control field 180718b1963 xxu||||| |||| 00| 0 eng d
082 ## - DEWEY DECIMAL CLASSIFICATION NUMBER
Classification number A99 K589/N272/2
100 ## - MAIN ENTRY--PERSONAL NAME
Personal name Blair, H.
245 ## - TITLE STATEMENT
Title William Lyon Mackenzie King;vol.2: 1924-1932: the lonely heights
Statement of responsibility, etc. by H. Blair
260 ## - PUBLICATION, DISTRIBUTION, ETC.
Place of publication, distribution, etc. London
Name of publisher, distributor, etc. Methuen
Date of publication, distribution, etc. 1963
300 ## - PHYSICAL DESCRIPTION
Extent 452p.
500 ## - GENERAL NOTE
General note 70/-
650 ## - SUBJECT ADDED ENTRY--TOPICAL TERM
Topical term or geographic name entry element King, William Lyon Mackenize, 1874 - 1958
Holdings
Withdrawn status Lost status Damaged status Not for loan Permanent Location Current Location Date acquired Full call number Barcode Date last seen Price effective from Koha item type
        Indian Institute of Public Administration Indian Institute of Public Administration 1994-09-12 A99 K589/N272/2 35865 2018-07-21 2018-07-21 Book

Powered by Koha